History Essay Key Words & Phrases Quiz - Statistics

General Stats
  • This quiz has been taken 5 times
  • The average score is 3 of 20
Answer Stats
Answer Hint % Correct
Biography A history of someone’s life written by another person
67%
Secondary Source A piece of evidence created later than the event being examined
50%
Charter A legal grant of property or title
33%
All things considered Synonym phrases of this: taking everything into account, all in all, by and large, for the most part
25%
Artefact An object that has survived from the past
25%
Bias A one-sided view of something
25%
Having said that Synonym phrases of this: in spite of that, nevertheless
25%
Propaganda Information that is used to persuade people to believe a certain set of facts or values
25%
Anachronism Something that is placed in the wrong time period
0%
Anthropology The study of humans and their behaviour over time
0%
Chronicle An account or description of a period of time in chronological order
0%
Culture The values shared by a society
0%
Domino Effect When an event causes another chain of events to happen
0%
Historiography A study of the methods used by historians
0%
Manuscript A hand-written document
0%
Philology The study of language
0%
Provenance The history of an item or artefact’s location and ownership
0%
Reference A collection of facts and information with no analysis, opinion or conclusions
0%
Revisionism A review of historical thinking in the light of new evidence
0%
Tertiary Source An article or account that uses Primary and Secondary Sources to give an overview of a period
0%
To that end Synonym phrases of this: for that reason, wherefore, for that purpose
0%
No matching quizzes found
Score Distribution
Percent of People with Each Score
Percentile by Number Answered
Your Score History
You have not taken this quiz